00713nam a22002057a 450000500170000001000150001702000230003203500140005503700090006908200170007810000240009524500530011925000060017226000390017827000660021730000210028394200280030499900190033295201560035120251205125631.0 aENG-147230 a8178823667c595.00 aEN-130762 bDBAD a338.9001421 aSood, Ritu S985881 aRoots of Development Communication/cRitu S Sood a1 aDelhibSurinder Kumar & Sonsc2023 a30/21 A-22A, Gali No 9 Vishwas Nagar, ShahdarabDelhie110032 a192p.c22cm (hb) 2ddccENh338.90014mSOO c213857d213857 001040708NFICaMbMd2025-12-05eDelivery of Books Act Divisiong595.00l0o338.90014 SOOpEN-130762r2025-12-05 00:00:00t1v595.00w2025-12-05yEN